000 00533nam a2200181Ia 4500
003 OSt
005 20240930162447.0
008 210210b1928 xxu||||| |||| 00| 0 eng d
040 _cAL
041 _aKannada
082 _a852/253
100 _aCHAVUNDARAYA
_9157802
_dಚಾವುಂಡರಾಯ
245 _aChavundaraya Puranam Adi Purana
_b ಚಾವುಂಡರಾಯ ಪುರಾಣಂ ಆದಿ ಪುರಾಣ
260 _aBengaluru
_b-
_c1928
690 _aKannada Prose
_9157803
906 _a018821
942 _2ddc
_cBK
999 _c142375
_d142375